| 000 | 00569nam a22001697a 4500 | ||
|---|---|---|---|
| 999 |
_c7973 _d7973 |
||
| 003 | GBCCL | ||
| 005 | 20241126110640.0 | ||
| 008 | 181122b ||||| |||| 00| 0 eng d | ||
| 040 | _cGBC | ||
| 082 |
_aARCH GBC-2007 _bNGA |
||
| 100 |
_aNgaimuankim _913914 |
||
| 245 |
_aA Theological Study on the Relationship of God’s Sovereignty and Man’s Free Will in Salvation | _cNgaimuankim |
||
| 260 |
_aNew Lamka: _bGrace Bible College, _c2007 |
||
| 300 |
_avii + 45 p.; _c21 x 29 cm. |
||
| 650 |
_aSalvation _vGod's Sovereignty _vFree will _xSoteriology _913915 |
||
| 942 |
_2ddc _cTH |
||